[Event "DVM U14w 2020"]
[Site "Willingen GER"]
[Date "2021.06.27"]
[Round "7"]
[White "Schülke, Rosalie"]
[Black "Stasaitis, Paulina"]
[Result "0-1"]
[Termination "normal"]
[Board "4.3"]
[WhiteElo "1407"]
[BlackElo "1119"]
[WhiteClock "00:02:51"]
[BlackClock "00:36:59"]
[WhiteTeam "SC Weisse Dame e.V."]
[BlackTeam "SG Königskinder Hohentübingen e.V."]
[PlyCount "166"]
[WhiteFideId "16287436"]
[BlackFideId "34606165"]
[EventCountry "GER"]
[EventRounds "7"]
[EventType "team-swiss"]
[EventDate "2021.06.23"]

1. e4 {[%clk 1:30:58]} 1... e5 {[%clk 1:30:46]} 2. Nf3 {[%clk 1:31:21]} 2...
Nf6 {[%clk 1:31:00]} 3. Nxe5 {[%clk 1:31:32]} 3... d6 {[%clk 1:31:22]} 4. Nf3 {
[%clk 1:31:50]} 4... Nxe4 {[%clk 1:31:45]} 5. d4 {[%clk 1:32:04]} 5... d5 {
[%clk 1:31:45]} 6. Bd3 {[%clk 1:32:20]} 6... Nf6 {[%clk 1:30:10]} 7. O-O {
[%clk 1:32:31]} 7... Bd6 {[%clk 1:30:01]} 8. Re1+ {[%clk 1:32:36]} 8... Be6 {
[%clk 1:30:20]} 9. Bg5 {[%clk 1:32:27]} 9... O-O {[%clk 1:30:19]} 10. c3 {
[%clk 1:31:10]} 10... h6 {[%clk 1:29:02]} 11. Bh4 {[%clk 1:31:20]} 11... Nbd7 {
[%clk 1:28:03]} 12. Nbd2 {[%clk 1:29:03]} 12... c6 {[%clk 1:25:50]} 13. Qc2 {
[%clk 1:26:58]} 13... Qc7 {[%clk 1:25:00]} 14. Bg3 {[%clk 1:26:12]} 14... Rfe8
{[%clk 1:21:19]} 15. Ne5 {[%clk 1:24:19]} 15... Bg4 {[%clk 1:19:16]} 16. Ndf3 {
[%clk 1:14:42]} 16... c5 {[%clk 1:16:07]} 17. Nxd7 {[%clk 1:12:28]} 17... Qxd7
{[%clk 1:16:02]} 18. Bxd6 {[%clk 1:00:47]} 18... Qxd6 {[%clk 1:15:28]} 19. dxc5
{[%clk 1:00:37]} 19... Qxc5 {[%clk 1:15:24]} 20. Nd4 {[%clk 1:00:40]} 20... Qd6
{[%clk 1:12:13]} 21. h3 {[%clk 0:59:58]} 21... Bd7 {[%clk 1:11:14]} 22. Rad1 {
[%clk 0:52:34]} 22... Re7 {[%clk 1:06:27]} 23. Nb5 {[%clk 0:44:28]} 23... Rxe1+
{[%clk 1:01:24]} 24. Rxe1 {[%clk 0:44:44]} 24... Qc5 {[%clk 1:01:38]} 25. Nd4 {
[%clk 0:44:25]} 25... Re8 {[%clk 1:01:00]} 26. Rxe8+ {[%clk 0:41:22]} 26...
Bxe8 {[%clk 0:59:49]} 27. Qe2 {[%clk 0:41:00]} 27... a6 {[%clk 0:58:18]} 28.
Nf5 {[%clk 0:37:44]} 28... Kf8 {[%clk 0:50:06]} 29. Qe5 {[%clk 0:35:18]} 29...
b5 {[%clk 0:47:29]} 30. Qd6+ {[%clk 0:32:05]} 30... Qxd6 {[%clk 0:44:14]} 31.
Nxd6 {[%clk 0:32:27]} 31... Bc6 {[%clk 0:43:59]} 32. Kf1 {[%clk 0:31:31]} 32...
Ne8 {[%clk 0:43:27]} 33. Nf5 {[%clk 0:31:04]} 33... Bd7 {[%clk 0:42:27]} 34.
Ke2 {[%clk 0:30:09]} 34... Bxf5 {[%clk 0:42:02]} 35. Bxf5 {[%clk 0:30:27]}
35... Nd6 {[%clk 0:42:14]} 36. Bg4 {[%clk 0:29:40]} 36... f5 {[%clk 0:41:41]}
37. Bf3 {[%clk 0:29:45]} 37... Ne4 {[%clk 0:41:55]} 38. Bxe4 {[%clk 0:29:39]}
38... dxe4 {[%clk 0:42:15]} 39. Ke3 {[%clk 0:29:34]} 39... Ke7 {[%clk 0:42:16]}
40. Kd4 {[%clk 0:29:44]} 40... Kd6 {[%clk 0:42:32]} 41. h4 {[%clk 0:29:35]}
41... a5 {[%clk 0:40:19]} 42. b3 {[%clk 0:28:27]} 42... g6 {[%clk 0:38:48]} 43.
a3 {[%clk 0:26:55]} 43... g5 {[%clk 0:37:12]} 44. h5 {[%clk 0:25:24]} 44... e3
{[%clk 0:35:05]} 45. fxe3 {[%clk 0:23:34]} 45... g4 {[%clk 0:34:04]} 46. g3 {
[%clk 0:22:50]} 46... Ke6 {[%clk 0:34:03]} 47. Kc5 {[%clk 0:19:47]} 47... Ke5 {
[%clk 0:34:24]} 48. Kxb5 {[%clk 0:19:52]} 48... Ke4 {[%clk 0:34:44]} 49. c4 {
[%clk 0:19:56]} 49... Kxe3 {[%clk 0:34:51]} 50. c5 {[%clk 0:20:19]} 50... Kf3 {
[%clk 0:35:07]} 51. c6 {[%clk 0:20:39]} 51... Kxg3 {[%clk 0:35:34]} 52. c7 {
[%clk 0:20:53]} 52... f4 {[%clk 0:36:01]} 53. c8=Q {[%clk 0:21:14]} 53... f3 {
[%clk 0:36:25]} 54. Qc7+ {[%clk 0:20:03]} 54... Kg2 {[%clk 0:36:48]} 55. Kxa5 {
[%clk 0:19:18]} 55... f2 {[%clk 0:37:05]} 56. Qc6+ {[%clk 0:18:45]} 56... Kg1 {
[%clk 0:37:15]} 57. Qxh6 {[%clk 0:13:46]} 57... f1=Q 58. Qb6+ 58... Kh2 { [%clk
0:35:38]} 59. h6 {[%clk 0:12:04]} 59... Qf5+ {[%clk 0:35:02]} 60. Ka4 { [%clk
0:09:35]} 60... g3 {[%clk 0:34:53]} 61. Qb5 {[%clk 0:08:32]} 61... Qf4+ { [%clk
0:34:42]} 62. Qc4 {[%clk 0:08:23]} 62... Qxh6 {[%clk 0:34:23]} 63. b4 { [%clk
0:07:41]} 63... g2 {[%clk 0:34:29]} 64. b5 {[%clk 0:07:35]} 64... g1=Q { [%clk
0:34:29]} 65. Qe2+ {[%clk 0:07:51]} 65... Qg2 {[%clk 0:34:41]} 66. Qe5+ { [%clk
0:07:55]} 66... Kh3 {[%clk 0:33:52]} 67. Qf5+ {[%clk 0:08:09]} 67... Qg4+
{[%clk 0:34:08]} 68. Qxg4+ {[%clk 0:08:39]} 68... Kxg4 {[%clk 0:34:55]} 69. Ka5
{[%clk 0:08:47]} 69... Qd2+ {[%clk 0:35:11]} 70. Ka6 {[%clk 0:07:48]} 70... Qd8
{[%clk 0:35:17]} 71. Kb7 {[%clk 0:06:18]} 71... Qd7+ {[%clk 0:35:13]} 72. Ka6 {
[%clk 0:06:10]} 72... Qc8+ {[%clk 0:35:32]} 73. Ka7 {[%clk 0:03:29]} 73... Qc7+
{[%clk 0:35:28]} 74. Ka6 {[%clk 0:03:45]} 74... Qb8 {[%clk 0:35:52]} 75. b6 {
[%clk 0:03:38]} 75... Kf5 {[%clk 0:35:56]} 76. a4 {[%clk 0:03:50]} 76... Ke6 {
[%clk 0:36:11]} 77. a5 {[%clk 0:04:09]} 77... Kd6 {[%clk 0:36:30]} 78. Kb5 {
[%clk 0:04:11]} 78... Kd5 {[%clk 0:36:12]} 79. a6 {[%clk 0:03:08]} 79... Kd6 {
[%clk 0:36:25]} 80. b7 {[%clk 0:02:39]} 80... Qa7 {[%clk 0:36:34]} 81. Ka5 {
[%clk 0:02:43]} 81... Kc6 {[%clk 0:36:48]} 82. Kb4 {[%clk 0:02:43]} 82... Qb6+
{[%clk 0:36:43]} 83. Kc3 {[%clk 0:02:51]} 83... Kc7 {[%clk 0:36:59]  Kd4} 0-1

[Event "DVM U14w 2020"]
[Site "Willingen GER"]
[Date "2021.06.27"]
[Round "7"]
[White "Luzgina, Anastasija"]
[Black "Xiao, Yiyi"]
[Result "1-0"]
[Termination "normal"]
[Board "4.4"]
[WhiteElo "1096"]
[BlackElo "1381"]
[WhiteClock "00:29:36"]
[BlackClock "00:58:01"]
[WhiteTeam "SG Königskinder Hohentübingen e.V."]
[BlackTeam "SC Weisse Dame e.V."]
[PlyCount "101"]
[WhiteFideId "24280860"]
[BlackFideId "34605665"]
[EventCountry "GER"]
[EventRounds "7"]
[EventType "team-swiss"]
[EventDate "2021.06.23"]

1. d4 {[%clk 1:30:58]} 1... d5 {[%clk 1:30:24]} 2. c4 {[%clk 1:31:20]} 2... e6
{[%clk 1:30:32]} 3. Nc3 {[%clk 1:31:44]} 3... Nf6 {[%clk 1:30:44]} 4. Bg5 {
[%clk 1:32:05]} 4... Be7 {[%clk 1:30:55]} 5. Nf3 {[%clk 1:32:18]} 5... O-O {
[%clk 1:30:58]} 6. e3 {[%clk 1:32:41]} 6... h6 {[%clk 1:31:14]} 7. Bxf6 { [%clk
1:32:05]} 7... Bxf6 {[%clk 1:30:47]} 8. cxd5 {[%clk 1:32:30]} 8... exd5 { [%clk
1:30:25]} 9. Bd3 {[%clk 1:32:49]} 9... Be6 {[%clk 1:30:27]} 10. O-O { [%clk
1:33:03]} 10... Nd7 {[%clk 1:30:21]} 11. Rc1 {[%clk 1:32:45]} 11... b6 { [%clk
1:30:09]} 12. Na4 {[%clk 1:15:26]} 12... Be7 {[%clk 1:25:51]} 13. Bb5 { [%clk
1:11:12]} 13... Nf6 {[%clk 1:22:12]} 14. Ne5 {[%clk 1:08:35]} 14... Rc8 { [%clk
1:19:12]} 15. Ba6 {[%clk 1:08:42]} 15... Ra8 {[%clk 1:18:36]} 16. Bb7 { [%clk
1:08:43]} 16... Rb8 {[%clk 1:18:11]} 17. Nc6 {[%clk 1:08:41]} 17... Qd6 { [%clk
1:18:26]} 18. Nxb8 {[%clk 1:08:54]} 18... Ng4 19. g3 {[%clk 1:07:05]} 19...
Rxb8 {[%clk 1:17:30]} 20. Bc6 {[%clk 1:05:52]} 20... h5 {[%clk 1:17:23]} 21.
Qf3 {[%clk 0:58:04]} 21... h4 {[%clk 1:15:43]} 22. Qf4 {[%clk 0:57:13]} 22...
Qd8 {[%clk 1:14:59]} 23. Bb5 {[%clk 0:57:10]} 23... Bd6 {[%clk 1:14:01]} 24.
Qf3 {[%clk 0:56:52]} 24... Qg5 {[%clk 1:07:28]} 25. Nc3 {[%clk 0:49:41]} 25...
Qh5 {[%clk 1:04:22]} 26. Qg2 {[%clk 0:48:33]} 26... Qg5 {[%clk 1:02:22]} 27.
Ne2 {[%clk 0:48:09]} 27... Kh7 {[%clk 1:00:13]} 28. Nf4 {[%clk 0:48:09]} 28...
Rh8 {[%clk 1:00:15]} 29. Be2 {[%clk 0:47:19]} 29... Bd7 {[%clk 0:59:23]} 30.
Bxg4 {[%clk 0:47:11]} 30... Bxg4 {[%clk 0:59:04]} 31. h3 {[%clk 0:33:59]} 31...
Bd7 {[%clk 0:57:57]} 32. g4 {[%clk 0:25:04]} 32... Re8 {[%clk 0:56:11]} 33.
Qxd5 {[%clk 0:24:40]} 33... Bxf4 {[%clk 0:55:04]} 34. Qxd7 {[%clk 0:25:00]}
34... Re7 {[%clk 0:55:25]} 35. exf4 {[%clk 0:24:49]} 35... Qf6 {[%clk 0:55:35]}
36. Qf5+ {[%clk 0:25:13]} 36... Qxf5 {[%clk 0:55:47]} 37. gxf5 {[%clk 0:25:39]}
37... g6 {[%clk 0:55:46]} 38. fxg6+ {[%clk 0:26:05]} 38... fxg6 {[%clk 0:56:07]
} 39. Rfe1 {[%clk 0:26:30]} 39... Rf7 {[%clk 0:56:23]} 40. Re4 {[%clk 0:26:54]}
40... Kg7 {[%clk 0:56:43]} 41. d5 {[%clk 0:27:18]} 41... Rd7 {[%clk 0:56:39]}
42. Re5 {[%clk 0:27:37]} 42... Kf7 {[%clk 0:56:51]} 43. Rce1 {[%clk 0:27:49]}
43... a5 {[%clk 0:56:53]} 44. f5 {[%clk 0:28:14]} 44... g5 {[%clk 0:57:08]} 45.
R1e4 {[%clk 0:28:33]} 45... Kf6 {[%clk 0:57:20]} 46. Kg2 {[%clk 0:28:31]} 46...
c5 {[%clk 0:56:52]} 47. dxc6 {[%clk 0:28:49]} 47... Rc7 {[%clk 0:57:15]} 48.
Re6+ {[%clk 0:28:58]} 48... Kxf5 {[%clk 0:57:34]} 49. Kf3 {[%clk 0:28:51]}
49... g4+ {[%clk 0:57:38]} 50. hxg4+ {[%clk 0:29:16]} 50... Kg5 {[%clk 0:58:01]
} 51. R4e5# {[%clk 0:29:36]} 1-0

[Event "DVM U14w 2020"]
[Site "Willingen GER"]
[Date "2021.06.27"]
[Round "7"]
[White "Reich, Elisabeth"]
[Black "Stepanjan, Marianne"]
[Result "1-0"]
[Termination "normal"]
[Board "5.1"]
[WhiteElo "1191"]
[BlackElo "1383"]
[WhiteClock "01:26:33"]
[BlackClock "00:20:30"]
[WhiteTeam "ATSV Oberkotzau"]
[BlackTeam "TuRa Harksheide von 1945 Norderstedt"]
[PlyCount "95"]
[WhiteFideId "16239776"]
[BlackFideId "16246110"]
[EventCountry "GER"]
[EventRounds "7"]
[EventType "team-swiss"]
[EventDate "2021.06.23"]

1. e4 {[%clk 1:30:56]} 1... c5 {[%clk 1:30:56]} 2. Nf3 {[%clk 1:31:20]} 2...
Nc6 {[%clk 1:31:04]} 3. d3 {[%clk 1:31:44]} 3... e6 {[%clk 1:31:14]} 4. g3 {
[%clk 1:32:02]} 4... d5 {[%clk 1:31:38]} 5. Nbd2 {[%clk 1:31:52]} 5... Nge7 {
[%clk 1:31:35]} 6. Bg2 {[%clk 1:32:11]} 6... g6 {[%clk 1:31:54]} 7. O-O { [%clk
1:32:11]} 7... Bg7 {[%clk 1:32:21]} 8. Re1 {[%clk 1:31:55]} 8... O-O { [%clk
1:32:26]} 9. Nh4 {[%clk 1:31:58]} 9... b5 {[%clk 1:32:04]} 10. a4 { [%clk
1:31:04]} 10... Rb8 {[%clk 1:16:41]} 11. axb5 {[%clk 1:27:58]} 11... Rxb5
{[%clk 1:16:45]} 12. Rb1 {[%clk 1:24:59]} 12... a5 {[%clk 0:43:53]} 13. b3 {
[%clk 1:23:06]} 13... Rb8 {[%clk 0:31:49]} 14. Bb2 {[%clk 1:20:25]} 14... Nd4 {
[%clk 0:29:51]} 15. Nhf3 {[%clk 1:16:44]} 15... Nb5 {[%clk 0:18:52]} 16. Bxg7 {
[%clk 1:14:48]} 16... Kxg7 {[%clk 0:19:14]} 17. Qc1 {[%clk 1:14:52]} 17... Nc3
{[%clk 0:17:18]} 18. Ra1 {[%clk 1:13:52]} 18... d4 {[%clk 0:13:42]} 19. Nc4 {
[%clk 1:12:34]} 19... Ra8 {[%clk 0:11:57]} 20. Nfd2 {[%clk 1:10:47]} 20... Bb7
{[%clk 0:10:45]} 21. Qa3 {[%clk 1:04:56]} 21... Qc7 {[%clk 0:08:23]} 22. e5 {
[%clk 1:04:21]} 22... Bxg2 {[%clk 0:07:18]} 23. Kxg2 {[%clk 1:04:44]} 23... Nb5
{[%clk 0:07:04]} 24. Qb2 {[%clk 1:04:20]} 24... Nd5 {[%clk 0:06:21]} 25. Ne4 {
[%clk 1:04:03]} 25... Nbc3 {[%clk 0:03:58]} 26. Nxc3 {[%clk 1:02:12]} 26...
Nxc3 {[%clk 0:04:17]} 27. Ra3 {[%clk 1:00:38]} 27... Ra6 {[%clk 0:03:52]} 28.
Nd6 {[%clk 1:00:02]} 28... Rb8 {[%clk 0:03:56]} 29. Qa1 {[%clk 0:59:35]} 29...
Rba8 {[%clk 0:04:15]} 30. Qb2 {[%clk 0:59:29]} 30... Qb6 {[%clk 0:04:17]} 31.
Nc4 {[%clk 0:59:40]} 31... Qb8 {[%clk 0:04:20]} 32. Qa1 {[%clk 0:59:18]} 32...
Qb4 {[%clk 0:04:39]} 33. h4 {[%clk 0:58:56]} 33... a4 {[%clk 0:03:52]} 34. bxa4
{[%clk 0:58:56]} 34... Rxa4 {[%clk 0:03:43]} 35. Rxa4 {[%clk 0:59:04]} 35...
Rxa4 {[%clk 0:03:23]} 36. Qc1 {[%clk 0:59:18]} 36... h6 {[%clk 0:03:08]} 37.
Nd6 {[%clk 0:59:01]} 37... Nd5 {[%clk 0:01:33]} 38. Ne4 {[%clk 0:58:47]} 38...
Ra3 {[%clk 0:01:09]} 39. Nf6 {[%clk 0:58:38]} 39... Qa4 {[%clk 0:00:45]} 40.
Ng4 {[%clk 0:58:38]} 40... g5 {[%clk 0:00:54]} 41. hxg5 {[%clk 0:58:53]} 41...
h5 {[%clk 0:01:08]} 42. Nf6 {[%clk 0:59:01]} 42... Kg6 {[%clk 0:27:12]} 43.
Nxd5 {[%clk 1:29:01]} 43... exd5 {[%clk 0:27:37]} 44. Qf4 {[%clk 1:29:07]}
44... f5 {[%clk 0:25:16]} 45. gxf6 {[%clk 1:27:29]} 45... Qe8 {[%clk 0:24:10]}
46. e6 {[%clk 1:27:33]} 46... Ra8 {[%clk 0:22:48]} 47. Re5 {[%clk 1:27:18]}
47... Rc8 {[%clk 0:20:30]} 48. Qg5+ {[%clk 1:26:33]} 1-0

[Event "DVM U14w 2020"]
[Site "Willingen GER"]
[Date "2021.06.27"]
[Round "7"]
[White "Foos, Vanessa"]
[Black "Hergenröder, Cora"]
[Result "1/2-1/2"]
[Termination "normal"]
[Board "5.2"]
[WhiteElo "1380"]
[BlackElo "1489"]
[WhiteClock "00:55:55"]
[BlackClock "00:39:08"]
[WhiteTeam "TuRa Harksheide von 1945 Norderstedt"]
[BlackTeam "ATSV Oberkotzau"]
[PlyCount "49"]
[WhiteFideId "16245270"]
[BlackFideId "34603700"]
[EventCountry "GER"]
[EventRounds "7"]
[EventType "team-swiss"]
[EventDate "2021.06.23"]

1. e4 {[%clk 1:30:56]} 1... d5 {[%clk 1:30:58]} 2. exd5 {[%clk 1:31:22]} 2...
Qxd5 {[%clk 1:31:24]} 3. Nc3 {[%clk 1:31:44]} 3... Qd6 {[%clk 1:31:45]} 4. d4 {
[%clk 1:32:01]} 4... Nf6 {[%clk 1:32:09]} 5. Nf3 {[%clk 1:32:11]} 5... c6 {
[%clk 1:32:20]} 6. h3 {[%clk 1:32:15]} 6... Nbd7 {[%clk 1:30:46]} 7. Bc4 {
[%clk 1:32:15]} 7... e6 {[%clk 1:29:18]} 8. O-O {[%clk 1:32:00]} 8... Nb6 {
[%clk 1:28:37]} 9. Bb3 {[%clk 1:31:46]} 9... Be7 {[%clk 1:28:19]} 10. Re1 {
[%clk 1:29:25]} 10... O-O {[%clk 1:24:43]} 11. Ne4 {[%clk 1:28:24]} 11... Nxe4
{[%clk 1:24:31]} 12. Rxe4 {[%clk 1:28:48]} 12... c5 {[%clk 1:23:39]} 13. Bf4 {
[%clk 1:24:31]} 13... Qd8 {[%clk 1:14:53]} 14. dxc5 {[%clk 1:24:20]} 14...
Qxd1+ {[%clk 1:15:00]} 15. Rxd1 {[%clk 1:24:29]} 15... Bxc5 {[%clk 1:14:56]}
16. Re2 {[%clk 1:24:16]} 16... Bd7 {[%clk 1:13:32]} 17. Red2 {[%clk 1:20:12]}
17... Bc6 {[%clk 1:12:56]} 18. Ne5 {[%clk 1:16:04]} 18... Bd5 {[%clk 1:01:07]}
19. c4 {[%clk 1:11:06]} 19... Bc6 {[%clk 0:53:10]} 20. Nxc6 {[%clk 1:11:01]}
20... bxc6 {[%clk 0:53:29]} 21. Bd6 {[%clk 1:08:56]} 21... Bxd6 {[%clk 0:53:19]
} 22. Rxd6 {[%clk 1:09:15]} 22... Rac8 {[%clk 0:51:52]} 23. R6d4 { [%clk
1:01:05]} 23... h6 {[%clk 0:48:11]} 24. a3 {[%clk 0:56:38]} 24... Rb8 { [%clk
0:39:08]} 25. R4d3 {[%clk 0:55:55]} 1/2-1/2

[Event "DVM U14w 2020"]
[Site "Willingen GER"]
[Date "2021.06.27"]
[Round "7"]
[White "Leuchsenring, Delia"]
[Black "Petrosyan, Ani"]
[Result "0-1"]
[Termination "normal"]
[Board "5.3"]
[WhiteElo "1051"]
[BlackElo "1353"]
[WhiteClock "00:05:57"]
[BlackClock "00:03:32"]
[WhiteTeam "ATSV Oberkotzau"]
[BlackTeam "TuRa Harksheide von 1945 Norderstedt"]
[PlyCount "92"]
[WhiteFideId "34605304"]
[BlackFideId "16248015"]
[EventCountry "GER"]
[EventRounds "7"]
[EventType "team-swiss"]
[EventDate "2021.06.23"]

1. e4 {[%clk 1:30:57]} 1... d6 {[%clk 1:30:52]} 2. d4 {[%clk 1:30:18]} 2... Nf6
{[%clk 1:31:11]} 3. Nc3 {[%clk 1:29:51]} 3... Nbd7 {[%clk 1:31:00]} 4. Nf3 {
[%clk 1:28:10]} 4... e5 {[%clk 1:31:01]} 5. Bc4 {[%clk 1:25:49]} 5... Be7 {
[%clk 1:29:27]} 6. O-O {[%clk 1:24:12]} 6... c6 {[%clk 1:29:24]} 7. Re1 { [%clk
1:20:42]} 7... O-O {[%clk 1:28:50]} 8. Qd3 {[%clk 1:15:54]} 8... Nb6 { [%clk
1:27:00]} 9. Bb3 {[%clk 1:15:47]} 9... Qc7 {[%clk 1:25:33]} 10. d5 { [%clk
1:13:17]} 10... Bg4 {[%clk 1:16:21]} 11. h3 {[%clk 1:11:36]} 11... Bh5 { [%clk
1:14:39]} 12. Nh4 {[%clk 1:05:41]} 12... Nbd7 {[%clk 0:57:45]} 13. Qg3 { [%clk
1:03:39]} 13... Bg6 {[%clk 0:50:35]} 14. Nf5 {[%clk 0:57:12]} 14... Nc5 { [%clk
0:47:21]} 15. Bc4 {[%clk 0:42:10]} 15... b5 {[%clk 0:39:52]} 16. Bd3 { [%clk
0:39:27]} 16... Nxd3 {[%clk 0:37:13]} 17. Qxd3 {[%clk 0:39:09]} 17... b4 {[%clk
0:34:58]} 18. Nb1 {[%clk 0:38:31]} 18... cxd5 {[%clk 0:30:24]} 19. exd5 {[%clk
0:35:38]} 19... Bxf5 {[%clk 0:29:45]} 20. Qxf5 {[%clk 0:35:24]} 20... Nxd5
{[%clk 0:29:54]} 21. Nd2 {[%clk 0:29:24]} 21... Rac8 {[%clk 0:26:20]} 22. c4
{[%clk 0:29:09]} 22... Nf4 23. b3 {[%clk 0:26:47]} 23... g6 {[%clk 0:21:49]}
24. Qe4 {[%clk 0:24:40]} 24... f5 {[%clk 0:21:12]} 25. Qe3 {[%clk 0:23:18]}
25... Bg5 {[%clk 0:19:10]} 26. Qg3 {[%clk 0:20:01]} 26... Bf6 {[%clk 0:16:30]}
27. Bb2 {[%clk 0:18:54]} 27... Rce8 {[%clk 0:14:03]} 28. Rad1 {[%clk 0:17:37]}
28... Qa5 {[%clk 0:13:03]} 29. a4 {[%clk 0:17:18]} 29... bxa3 {[%clk 0:13:17]}
30. Ba1 {[%clk 0:16:10]} 30... Qc5 {[%clk 0:12:41]} 31. Nb1 {[%clk 0:15:02]}
31... Nh5 {[%clk 0:12:28]} 32. Qd3 {[%clk 0:14:59]} 32... e4 {[%clk 0:12:38]}
33. Qxd6 {[%clk 0:14:38]} 33... Qxd6 {[%clk 0:12:22]} 34. Rxd6 {[%clk 0:14:44]}
34... Bxa1 {[%clk 0:12:40]} 35. Nxa3 {[%clk 0:14:46]} 35... Bc3 {[%clk 0:12:44]
} 36. Red1 {[%clk 0:12:38]} 36... a5 {[%clk 0:11:54]} 37. Nb5 {[%clk 0:11:59]}
37... Bb4 {[%clk 0:11:46]} 38. Ra6 {[%clk 0:12:06]} 38... f4 {[%clk 0:11:23]}
39. Nc7 {[%clk 0:11:27]} 39... Re7 {[%clk 0:11:09]} 40. Nd5 {[%clk 0:11:06]}
40... Re5 {[%clk 0:09:43]} 41. Nxb4 {[%clk 0:10:18]} 41... axb4 {[%clk 0:10:11]
} 42. Rc1 {[%clk 0:10:07]} 42... e3 {[%clk 0:08:42]} 43. Kf1 {[%clk 0:08:25]}
43... Ng3+ {[%clk 0:02:55]} 44. fxg3 {[%clk 0:06:22]} 44... fxg3+ { [%clk
0:03:16]} 45. Ke2 {[%clk 0:05:49]} 45... Rf2+ {[%clk 0:03:32]} 46. Kd3 { [%clk
0:05:57]} 46... Rd2# 0-1

[Event "DVM U14w 2020"]
[Site "Willingen GER"]
[Date "2021.06.27"]
[Round "7"]
[White "Chen, Michelle"]
[Black "Köppel, Clementine"]
[Result "1-0"]
[Termination "normal"]
[Board "5.4"]
[WhiteElo "1064"]
[BlackElo "1244"]
[WhiteClock "00:14:39"]
[BlackClock "00:15:59"]
[WhiteTeam "TuRa Harksheide von 1945 Norderstedt"]
[BlackTeam "ATSV Oberkotzau"]
[PlyCount "53"]
[WhiteFideId "16275403"]
[BlackFideId "34605819"]
[EventCountry "GER"]
[EventRounds "7"]
[EventType "team-swiss"]
[EventDate "2021.06.23"]

1. e4 {[%clk 1:30:59]} 1... e5 {[%clk 1:30:55]} 2. Nf3 {[%clk 1:31:14]} 2...
Nf6 {[%clk 1:31:14]} 3. Nc3 {[%clk 1:31:16]} 3... d6 {[%clk 1:31:09]} 4. Be2 {
[%clk 1:30:14]} 4... Nc6 {[%clk 1:30:28]} 5. d4 {[%clk 1:27:56]} 5... exd4 {
[%clk 1:26:53]} 6. Nxd4 {[%clk 1:28:12]} 6... g6 {[%clk 1:24:45]} 7. Bg5 {
[%clk 1:23:57]} 7... Bg7 {[%clk 1:22:46]} 8. O-O {[%clk 1:17:42]} 8... h6 {
[%clk 1:20:25]} 9. Be3 {[%clk 1:13:06]} 9... O-O {[%clk 1:17:46]} 10. Nd5 {
[%clk 1:05:45]} 10... Nxe4 {[%clk 1:10:09]} 11. Bf3 {[%clk 0:56:13]} 11... Bxd4
{[%clk 1:00:53]} 12. Bxd4 {[%clk 0:51:20]} 12... f5 {[%clk 0:52:17]} 13. Be3
13... g5 {[%clk 0:39:50]} 14. Be2 {[%clk 0:36:44]} 14... Be6 {[%clk 0:35:51]}
15. Bc4 {[%clk 0:31:28]} 15... f4 {[%clk 0:27:14]} 16. Qd3 {[%clk 0:26:15]}
16... Ne5 {[%clk 0:22:44]} 17. Qxe4 {[%clk 0:25:35]} 17... fxe3 {[%clk 0:22:15]
} 18. fxe3 {[%clk 0:25:17]} 18... c6 {[%clk 0:19:15]} 19. Bd3 {[%clk 0:23:07]}
19... Qd7 {[%clk 0:18:23]} 20. Nf6+ {[%clk 0:18:07]} 20... Rxf6 {[%clk 0:18:11]
} 21. Rxf6 {[%clk 0:18:28]} 21... Nxd3 {[%clk 0:16:39]} 22. Rxe6 { [%clk
0:14:10]} 22... Nc5 {[%clk 0:16:41]} 23. Rg6+ {[%clk 0:14:26]} 23... Kf7 {[%clk
0:15:42]} 24. Rf1+ {[%clk 0:14:24]} 24... Qf5 {[%clk 0:15:39]} 25. Qxf5+ {[%clk
0:14:42]} 25... Ke7 {[%clk 0:15:55]} 26. Qf7+ {[%clk 0:14:39]} 26... Kd8 {[%clk
0:15:59]} 27. Rg8# 1-0

[Event "DVM U14w 2020"]
[Site "Willingen GER"]
[Date "2021.06.27"]
[Round "7"]
[White "Wu, Yvonne Yihan"]
[Black "Halas, Neele Zoe"]
[Result "1-0"]
[Termination "normal"]
[Board "6.2"]
[WhiteElo "1123"]
[BlackElo "1267"]
[WhiteClock "00:49:28"]
[BlackClock "01:00:32"]
[WhiteTeam "Hamburger SK von 1830"]
[BlackTeam "Schachgemeinschaft Leipzig"]
[PlyCount "41"]
[WhiteFideId "16298330"]
[BlackFideId "16287282"]
[EventCountry "GER"]
[EventRounds "7"]
[EventType "team-swiss"]
[EventDate "2021.06.23"]

1. e4 {[%clk 1:30:56]} 1... e5 {[%clk 1:30:56]} 2. Nf3 {[%clk 1:31:21]} 2...
Nc6 {[%clk 1:31:21]} 3. Bc4 {[%clk 1:31:41]} 3... Bc5 {[%clk 1:31:46]} 4. c3 {
[%clk 1:31:55]} 4... Nf6 {[%clk 1:31:45]} 5. d4 {[%clk 1:32:07]} 5... exd4 {
[%clk 1:31:57]} 6. cxd4 {[%clk 1:31:56]} 6... Bb4+ {[%clk 1:30:51]} 7. Nc3 {
[%clk 1:25:27]} 7... d6 {[%clk 1:23:02]} 8. e5 {[%clk 1:11:02]} 8... dxe5 {
[%clk 1:21:34]} 9. Nxe5 {[%clk 1:04:44]} 9... Nxe5 {[%clk 1:21:23]} 10. dxe5 {
[%clk 1:04:54]} 10... Qxd1+ {[%clk 1:21:38]} 11. Kxd1 {[%clk 1:04:46]} 11...
Bxc3 {[%clk 1:21:45]} 12. exf6 {[%clk 1:03:46]} 12... Bxf6 {[%clk 1:22:04]} 13.
Re1+ {[%clk 1:03:13]} 13... Kf8 {[%clk 1:21:35]} 14. Bf4 {[%clk 1:01:44]} 14...
Bf5 {[%clk 1:07:19]} 15. Re2 {[%clk 0:54:58]} 15... Rd8+ {[%clk 1:06:30]} 16.
Ke1 {[%clk 0:53:46]} 16... c6 {[%clk 1:04:44]} 17. Rd1 {[%clk 0:50:38]} 17...
Re8 {[%clk 1:01:18]} 18. Bd6+ {[%clk 0:49:48]} 18... Be7 {[%clk 1:00:06]} 19.
Bxe7+ {[%clk 0:49:17]} 19... Rxe7 {[%clk 1:00:13]} 20. Rd8+ {[%clk 0:49:28]}
20... Re8 {[%clk 1:00:32]} 21. Rexe8# 1-0